Statistics for Valentine's Day Decoder

Click here to take the quiz!

General Stats

  • This quiz has been taken 11,880 times
  • The average score is 16 of 22

Answer Stats

Hint Answer % Correct
EFirst couple: Adam and ___Eve
98%
NStop! In the ____ of LoveName
98%
HShape of many candy boxesHeart
97%
CHe'll shoot you with an arrowCupid
97%
LAll is fair in ____ and warLove
95%
FCommon Valentine's Day giftFlowers
85%
LStrong sexual desireLust
82%
LTis better to have loved and ____Lost
81%
OThese attract
(according to Paula Abdul)
Opposites
81%
NWhisper sweet _______Nothings
76%
THow do I love ____.
Let me count the ways
Thee
76%
G50th anniversary giftGold
76%
AGreek goddess of loveAphrodite
72%
EGreek god of loveEros
68%
NFriend of borrowed and blueNew
66%
LCandy is dandy
but _______ is quicker
Liquor
64%
Song titleCan't Help Falling in Love
56%
VPatron saint of love and beekeepingValentine
54%
PLove is _______, love is kindPatient
48%
ITristan's partnerIsolde
47%
IFeels like love but is just a
passing obsession
Infatuation
41%
AValentine's Day alternative:
Singles _________ Day
Awareness
23%

Score Distribution

Percentile by Number Answered

Percent of People with Each Score

Your Score History

You have not taken this quiz